Ética y antropología /

Đã lưu trong:
Chi tiết về thư mục
Tác giả chính: García Alonso, Marta (autor.)
Định dạng: eBook
Ngôn ngữ:Tiếng Tây Ban Nha
Được phát hành: Madrid : Universidad Nacional de Educación a Distancia (UNED), 2025.
Phiên bản:2a edición.
Những chủ đề:
Truy cập trực tuyến:https://elibro.unach.elogim.com/es/lc/unach/titulos/291886
Các nhãn: Thêm thẻ
Không có thẻ, Là người đầu tiên thẻ bản ghi này!

MARC

LEADER 00000nam a2200000 i 4500
001 ELB291886
003 FINmELB
005 20260223142500.5
006 m o d |
007 cr cnu||||||||
008 260222s2025 sp ob 001 0 spa d
020 |a 9788436279900  |q (e-book) 
035 |a (OCoLC)1574227424 
040 |a FINmELB  |b spa  |e rda  |c FINmELB 
050 4 |a BJ1012  |b G216 2025 
080 |a 172 
082 0 4 |a 171  |2 23 
100 1 |a García Alonso, Marta,  |e autor. 
245 1 0 |a Ética y antropología /  |c Marta García-Alonso. 
250 |a 2a edición. 
264 1 |a Madrid :  |b Universidad Nacional de Educación a Distancia (UNED),  |c 2025. 
300 |a 1 recurso en línea (230 páginas)  
336 |a texto  |b txt  |2 rdacontent/spa 
337 |a computadora  |b c  |2 rdamedia/spa 
338 |a recurso en línea  |b cr  |2 rdacarrier/spa 
500 |a incluye anexos. 
500 |a incluye índice. 
504 |a incluye bibliografía. 
588 |a Descripción basada en metadatos suministrados por el editor y otras fuentes. 
590 |a Recurso electrónico. Santa Fe, Arg.: elibro, 2026. Disponible vía World Wide Web. El acceso puede estar limitado para las bibliotecas afiliadas a elibro. 
650 4 |a Antropología. 
650 4 |a Ética. 
655 4 |a Libros electrónicos. 
797 2 |a elibro, Corp. 
856 4 0 |u https://elibro.unach.elogim.com/es/lc/unach/titulos/291886